Premier League Appearances by Nationality: Sweden - Statistics

General Stats
  • This quiz has been taken 14 times
  • The average score is 4 of 10
Answer Stats
Appearances Player % Correct
282 Sebastian Larsson
85%
205 Victor Lindelof
69%
241 Freddie Ljungberg
54%
133 Anthony Elanga
31%
200 Jonas Olsson
31%
197 Martin Olsson
31%
127 Anders Svensson
23%
133 Niclas Alexandersson
15%
232 Olof Melberg
15%
130 Roland Nilsson
0%
No matching quizzes found
Score Distribution
Percent of People with Each Score
Percentile by Number Answered
Your Score History
You have not taken this quiz